Evaluación del manejo de técnicas de riego y la rentabilidad en dos fincas en Abangasca sur, departamento de León, durante el período de junio a agosto del 2001
Presenta la evaluación del manejo de técnicas de riego y la rentabilidad en dos fincas en Abangasca sur, departamento de León, durante el período de junio a agosto del 2001 en el cual se presentan las técnicas de riego en las fincas mediante la comparación de parámetros recomendados por las t...
| Main Author: | |
|---|---|
| Other Authors: | |
| Format: | Tesis Section = Libro |
| Language: | Undetermined Spanish |
| Published: |
Managua
UNI
2006
|
| Subjects: |
| LEADER | 01205nam a2200265Ia 4500 | ||
|---|---|---|---|
| 008 | 240830s9999 xx 000 0 und d | ||
| 040 | |a BIBLIOTECA-RUPAP Mon 631.587 G643 | ||
| 041 | |a spa | ||
| 082 | |a Mon 631.587 G643 | ||
| 100 | 1 | |a González Ruiz, José Moisés | |
| 245 | 1 | 0 | |a Evaluación del manejo de técnicas de riego y la rentabilidad en dos fincas en Abangasca sur, departamento de León, durante el período de junio a agosto del 2001 |
| 260 | |a Managua |b UNI |c 2006 | ||
| 300 | |a 83 p. :il. | ||
| 500 | |a Contiene: anexos. | ||
| 502 | |a Tesis (Ingeniero Agrícola)- UNI, 2006. | ||
| 520 | 3 | |a Presenta la evaluación del manejo de técnicas de riego y la rentabilidad en dos fincas en Abangasca sur, departamento de León, durante el período de junio a agosto del 2001 en el cual se presentan las técnicas de riego en las fincas mediante la comparación de parámetros recomendados por las técnicas referidas en los libros. | |
| 650 | 7 | |a RIEGO | |
| 650 | 7 | |b TECNICAS DE RIEGO | |
| 650 | 7 | |c CULTIVO DEL MAIZ | |
| 650 | 7 | |d MAIZ - EPOCA DE SIEMBRA | |
| 650 | 7 | |e RIEGO POR ASPERSION | |
| 700 | 1 | |a Tutor: |b Muñoz, Juan Manuel | |
| 942 | |c BK |2 ddc | ||
| 991 | |a TESIS | ||
| 999 | |c 16674 | ||